| 000 | 01057nam a22002417a 4500 | ||
|---|---|---|---|
| 003 | DO-SdBNP | ||
| 005 | 20220621132111.0 | ||
| 008 | 161031b 2008 fr ac 00| 0 spa d | ||
| 020 | _a9782733810576 | ||
| 040 |
_aBPMSU _bspa _cBPMSU |
||
| 082 |
_aR616.047 _bG943s 2008 _222 |
||
| 245 | 0 | 0 |
_aGuía de los síntomas : _bcausas y tratamientos / _c redacción Philippe Auzou ... [et al] ; ilustración Dominique Guéveneux. |
| 260 |
_aParis, Francia : _bLexus Editores, _c2008. |
||
| 300 |
_a370 p. : _bil., retr.; _c30 cm. |
||
| 505 | 1 |
_tSíntomas relacionados con la cabeza y el cuello -- _tSíntomas de origen torácico -- _tSíntomas de origen abdominal -- _tSíntomas de la piel, del cabello, de las uñas -- _tSíntomas de enfermedades generales -- _tSíntomas de orden sexual -- |
|
| 590 | _6Inventariado, 2022/VM | ||
| 650 | 4 |
_aEnfermedades _xDiagnóstico. _vGuías |
|
| 650 | 4 |
_aEnfermedades _xTratamiento. _vGuías |
|
| 700 | 1 |
_aCunha, Alain da _edirector |
|
| 700 | 1 |
_aGuéveneux, Dominique _eilustración |
|
| 910 | _aVMateo V | ||
| 942 |
_2ddc _cBK |
||
| 999 |
_c13018 _d13018 |
||